000 04995nab a2200349 i 4500
003 BR-BrBNA
005 20240611121854.0
008 240611b2015 bl.qr|pooa||| 00| 0 por |
040 _aBR-BrBNA
_bpor
072 _aF60
100 _aMesquita, D.W.O.
100 _aMesquita, A.S.S.
100 _aCursino, L.M.C.
100 _aSouza, E.S.
100 _aOliveira, A.C.
100 _aPinheiro, C.C.S.
100 _aNovaes, J.A.P.
100 _aOliveira, J.A.A.
100 _aNunez, C.V.
245 _aAtividades biológicas de espécies amazônicas de Rubiaceae
500 _aPublicação on-line; 26 ref.; 4 tables; 3 illus.; Summaries (En, Pt)
520 _a RESUMO: Rubiaceae é uma família botânica com grande potencial químico e biológico Neste trabalho realizou-se a prospecção fitoquímica e avaliou-se as atividades citotóxica, antioxidante e antifúngica dos extratos diclorometânicos e metanólicos das folhas de Duroia saccifera, Ferdinandusa goudotiana, F. hirsuta, F. paraensis, Ferdinandusa sp., Palicourea corymbifera e P. guianensis. A avaliação da citotoxicidade foi realizada empregando-se o ensaio de toxicidade sobre Artemia salina. A atividade antifúngica foi determinada pelo método de difusão em ágar utilizando-se os fungos: Epidermophyton floccosum, Microsporum canis 32905, M. gipseum 29/00, Trichophyton mentagrophytes ATCC 9533/03, T. rubrum ATCC 28189, T. tonsurans 21/97, Cladosporium cladosporioides, C. sphaerospermum, Fusarium U. 662/06, Scytalidium U. 661/06, Candida albicans ATCC 3632 e C. albicans U. 5/99. A atividade antioxidante foi determinada através dos ensaios de redução do radical livre 1,1-difenil-2-picrilhidrazila (DPPH) e de descoloração do cátion radical ácido-6-sulfônico-2,2-azinobis-3-etilbenzotiazolina (ABTS). Para o ensaio de toxicidade sobre A. salina observou-se maior toxicidade no extrato metanólico de F. goudotiana, que se mostrou tóxico até a concentração de 5 µg mL-1. A presença de princípios antifúngicos foi observada em F. hirsuta e F. paraensis contra quatro dos fungos testados. Na avaliação da atividade antioxidante os extratos metanólicos mostraram maior atividade que os extratos diclorometânicos, sendo coincidente o resultado obtido através de ambos os métodos (redução do DPPH e descoloração do ABTS). Os resultados criam possibilidades para futuras investigações relacionadas à estrutura e atividade dos componentes de cada extrato ativo. Palavras-chave: Artemia salina, Antioxidante, Antifúngica, Duroia, Palicourea.
520 _a ABSTRACT: Biological activities of Amazonian species of Rubiaceae. Rubiaceae is a plant family with great chemical and biological potential. In this work a phytochemical prospection was performed and it was assessed the cytotoxic, antioxidant and antifungal activities of dichloromethanic and methanolic extracts of the leaves of Duroia saccifera, Ferdinandusa goudotiana, F. hirsuta, F. paraensis, Ferdinandusa sp., Palicourea corymbifera and P. guianensis. The cytotoxicity evaluation was carried out using the test toxicity on Artemia salina. The antifungal activity was determined by agar diffusion method using fungi: Epidermophyton floccosum, Microsporum canis 32905, M. gipseum 29/00, Trichophyton mentagrophytes ATCC 9533/03, T. rubrum ATCC 28189, T. tonsurans 21/97 , Cladosporium cladosporioides, C. sphaerospermum, Fusarium U. 662/06, Scytalidium U. 661/06, Candida albicans ATCC 3632 and C. albicans U. 5/99. The antioxidant activity was determined by testing the amount of free radical 1,1-diphenyl2-picrylhydrazyl (DPPH) and the discoloration of the radical cation 6-sulfonic acid-2 ,2-azinobis3-ethylbenzothiazoline (ABTS). For the toxicity test on A. salina greater toxicity in the methanol extract of F. goudotiana was observed, which proved to be toxic up to a concentration of 5 µg mL-1. The presence of antifungal principles was observed in the F. hirsuta and F. paraensis against four tested fungi. In the evaluation of the antioxidant activity, the methanol extracts showed greater activity than the dichloromethanic ones, being similar the obtained result through both methods (reduction of DDPH and ABTS decolorization) . The results create possibilities for future researches related to the structure and activity of the components of each active extract. Keywords: Brine shrimp, Antioxidant , Antifungic, Duroia, Palicourea.
650 _aARTÊMIA SALINA
650 _aANTIOXIDANTE
650 _aERVA DO RATO
650 _aPLANTA TÓXICA
773 0 _03543
_9315781
_dBotucatu-SP Instituto de Biociências - Departamento de Química e Bioquímica 1998
_o2024-2143
_tRevista Brasileira de Plantas Medicinais (Brazil)
_x1516-0572
_gv. 17(4) p. 604-613; (2015)
_wBR2024001386
856 _uhttps://www.scielo.br/j/rbpm/a/gMxW9LSzbk4ztG9FBS6SSxQ/?format=pdf&lang=pt
942 _cAnalítica
999 _c300005
_d300005